000 00341 a2200169 4500
001 186854
020 _a85-16-00341-8
040 _cMagnum
100 _aGuedes, Avelino
240 1 0 _aCorre-corre
_lpor
245 1 0 _aCorre-corre
300 _a15
362 0 _a1990
440 1 _aModerna
697 _aLITERATURA INFANTIL
942 _cBK
999 _c186854
_d186854